<?xml version="1.0" encoding="UTF-8"?>
<collection xmlns="http://www.loc.gov/MARC21/slim">
 <record>
  <leader>01667nam a2200217Ia 4500</leader>
  <controlfield tag="001">TDMU_28664</controlfield>
  <controlfield tag="008">210410s9999    xx            000 0 und d</controlfield>
  <datafield tag="082" ind1=" " ind2=" ">
   <subfield code="a">327.597054</subfield>
  </datafield>
  <datafield tag="090" ind1=" " ind2=" ">
   <subfield code="b">NG527</subfield>
  </datafield>
  <datafield tag="100" ind1=" " ind2=" ">
   <subfield code="a">Nguyễn, Quang Hưng</subfield>
  </datafield>
  <datafield tag="245" ind1=" " ind2="0">
   <subfield code="a">Năm tháng mặt người</subfield>
  </datafield>
  <datafield tag="245" ind1=" " ind2="0">
   <subfield code="b">Tản văn</subfield>
  </datafield>
  <datafield tag="245" ind1=" " ind2="0">
   <subfield code="c">Nguyễn Quang Hưng</subfield>
  </datafield>
  <datafield tag="260" ind1=" " ind2=" ">
   <subfield code="a">H.</subfield>
  </datafield>
  <datafield tag="260" ind1=" " ind2=" ">
   <subfield code="b">Phụ nữ</subfield>
  </datafield>
  <datafield tag="260" ind1=" " ind2=" ">
   <subfield code="c">2016</subfield>
  </datafield>
  <datafield tag="300" ind1=" " ind2=" ">
   <subfield code="a">247tr.</subfield>
  </datafield>
  <datafield tag="520" ind1=" " ind2=" ">
   <subfield code="a">Tập hợp 35 bài viết của Nguyễn Quang Hưng trong những năm gần đây. Mỗi tản văn đi kèm một minh họa của họa sĩ Ngô Xuân Khôi và được đề từ bằng thơ của chính tác giả. Trong đó, là những trang viết xúc động về người cha của tác giả, về nghề thêu của gia đình qua những thăng trầmâ€¦ Bên cạnh đó là những bài viết về vùng đất Kinh Kỳ, Kẻ Chợ, về quê ngoại Tả Thanh Oai, về quê lụa Hà Đông nơi tác giả sinh ra. &quot;Năm tháng mặt người&quot; cũng viết về những nghệ nhân phường rối, những nghệ sỹ hết lòng gìn giữ văn hóa dân tộc qua những làn điệu quan họ, hát xẩm, hát chèoâ€¦ qua bảo tàng văn hóa, ngôi nhà truyền thốngâ€¦</subfield>
  </datafield>
  <datafield tag="650" ind1=" " ind2=" ">
   <subfield code="a">Văn học hiện đại</subfield>
   <subfield code="v">Tản văn</subfield>
   <subfield code="z">Việt Nam; Văn học Việt Nam</subfield>
   <subfield code="v">Tản văn</subfield>
  </datafield>
  <datafield tag="856" ind1=" " ind2=" ">
   <subfield code="u">http://lrc.tdmu.edu.vn/opac/search/detail.asp?aID=2&amp;ID=28664</subfield>
  </datafield>
  <datafield tag="980" ind1=" " ind2=" ">
   <subfield code="a">Trung tâm Học liệu Trường Đại học Thủ Dầu Một</subfield>
  </datafield>
 </record>
</collection>
